| 000 | 00646nam a2200181Ia 4500 | ||
|---|---|---|---|
| 003 | IN-BaIIA | ||
| 008 | 211028s9999 xx 000 0 eng d | ||
| 020 | _a981-3083-12-3 | ||
| 040 | _cIIA Library | ||
| 080 |
_a524.3-64 _bSEN |
||
| 100 |
_aSen, K. K. _922609 |
||
| 245 | 0 |
_aRadiative transfer in moving media _bbasic mathematical methods for radiative transfer in spherically symmetric moving media _cK. K. Sen and S. J. Wilson |
|
| 260 |
_aSingapore _bSpringer-Verlag _c1998 |
||
| 300 | _ax, 254p. | ||
| 650 |
_aRadiative transfer _91568 |
||
| 700 |
_aWilson, S. J. _922610 |
||
| 942 | _cBK | ||
| 999 |
_c12886 _d12886 |
||